Nationalism : A Very Short Introduction (Record no. 226027)
[ view plain ]
| 000 -LEADER | |
|---|---|
| fixed length control field | 00810nam a22002297a 4500 |
| 005 - DATE AND TIME OF LATEST TRANSACTION | |
| control field | 20221221162803.0 |
| 008 - FIXED-LENGTH DATA ELEMENTS--GENERAL INFORMATION | |
| fixed length control field | 221221b ||||| |||| 00| 0 eng d |
| 020 ## - INTERNATIONAL STANDARD BOOK NUMBER | |
| International Standard Book Number | 9780195687187 |
| 040 ## - CATALOGING SOURCE | |
| Transcribing agency | AL |
| 041 ## - LANGUAGE CODE | |
| Language code of text/sound track or separate title | English |
| 082 ## - DEWEY DECIMAL CLASSIFICATION NUMBER | |
| Edition number | 23 |
| Classification number | 320.54 |
| Item number | GRON |
| 100 ## - MAIN ENTRY--PERSONAL NAME | |
| Personal name | Steven Grosby |
| 100 ## - MAIN ENTRY--PERSONAL NAME | |
| 9 (RLIN) | 67365 |
| 245 ## - TITLE STATEMENT | |
| Title | Nationalism : A Very Short Introduction |
| 260 ## - PUBLICATION, DISTRIBUTION, ETC. | |
| Place of publication, distribution, etc. | New York |
| Name of publisher, distributor, etc. | Oxford University Press |
| Date of publication, distribution, etc. | 2005 |
| 300 ## - PHYSICAL DESCRIPTION | |
| Extent | 142 p. |
| Other physical details | PB |
| Dimensions | 17x11 cm. |
| 365 ## - TRADE PRICE | |
| Unit of pricing | ₹165.00 |
| 520 ## - SUMMARY, ETC. | |
| Summary, etc. | Exploring nationality through the difficulties and conflicts that have arisen throughout history, this title discusses nations and nationalism from social, philosophical and anthropological perspectives. |
| 650 ## - SUBJECT ADDED ENTRY--TOPICAL TERM | |
| Topical term or geographic name entry element | Nation |
| 9 (RLIN) | 67366 |
| 650 ## - SUBJECT ADDED ENTRY--TOPICAL TERM | |
| Topical term or geographic name entry element | Social Relation |
| 9 (RLIN) | 67367 |
| 700 ## - ADDED ENTRY--PERSONAL NAME | |
| Personal name | GROSBY (Steven) |
| 9 (RLIN) | 67368 |
| 942 ## - ADDED ENTRY ELEMENTS (KOHA) | |
| Source of classification or shelving scheme | Dewey Decimal Classification |
| Koha item type | Donated Books |
| Withdrawn status | Lost status | Source of classification or shelving scheme | Damaged status | Not for loan | Collection code | Home library | Current library | Date acquired | Total Checkouts | Full call number | Barcode | Date last seen | Price effective from | Koha item type | Public note |
|---|---|---|---|---|---|---|---|---|---|---|---|---|---|---|---|
| Dewey Decimal Classification | Political Science | St Aloysius Library | St Aloysius Library | 12/02/2014 | 320.54 GRON | D05413 | 12/21/2022 | 12/21/2022 | Donated Books | Donated by V.T. Rajshekar |